000 00693nab a2200193 4500
001 244442
003 OSt
005 20260209122333.0
007 tu
008 260209s2020|||||||
040 _aDE-2950
_cDE-2950
245 0 0 _aWer hilft, wenn Kinder nicht nach Hause können
_bSoziales. Der Kinder- und Jugendnotdienst in Frankfurt hat einen neuen Träger. Wo die Einrichtung jetzt zu finden ist und was der Awo-Bezirksverband anders machen möchte/
_cNicole Buhlau
264 _c2025
653 _aFrankfurt (Oder)
653 _aKindernotdienst
653 _aTrägerwechsel
773 0 _g37. Jahrgang (2026) Nr. 22 vom 27.01.2026 , S. 13 mit Foto
_tMärkische Oderzeitung
942 _2z
_cA
999 _c374265
_d374265